Szeged nagy festője

Elmentve itt :
Bibliográfiai részletek
Szerző: Dorogi Imre
Dokumentumtípus: Cikk
Megjelent: 1944
Sorozat:Délvidéki szemle 3
Kulcsszavak:Nyilasy Sándor, Festészet - magyar - 19-20. sz. - életmű - életrajz
Tárgyszavak:
Online Access:http://acta.bibl.u-szeged.hu/19444
LEADER 00733nab a2200193 i 4500
001 acta19444
005 20251008110018.0
008 161015s1944 hu o 000 hun d
040 |a SZTE Egyetemi Kiadványok Repozitórium  |b hun 
041 |a hun 
100 1 |a Dorogi Imre 
245 1 0 |a Szeged nagy festője  |h [elektronikus dokumentum] /  |c  Dorogi Imre 
260 |c 1944 
300 |a 309-320 
490 0 |a Délvidéki szemle  |v 3 
650 4 |a Bölcsészettudományok 
650 4 |a Művészetek (művészetek, művészettörténet, előadóművészetek, zene) 
695 |a Nyilasy Sándor, Festészet - magyar - 19-20. sz. - életmű - életrajz 
856 4 0 |u http://acta.bibl.u-szeged.hu/19444/1/delvideki_szemle_003_309-320.pdf  |z Dokumentum-elérés